Bài tập điện tử

Сохранить в:
Библиографические подробности
Главный автор: Nguyễn Minh Quang
Формат:
Язык:Undetermined
Опубликовано: Sài Gòn Đại học Khoa học 1969
Предметы:
Метки: Добавить метку
Нет меток, Требуется 1-ая метка записи!
Thư viện lưu trữ: Trung tâm Học liệu Trường Đại học Cần Thơ
LEADER 00521nam a2200169Ia 4500
001 CTU_2665
008 210402s9999 xx 000 0 und d
082 |a 537.5076 
082 |b Qu106/T1 
100 |a Nguyễn Minh Quang 
245 0 |a Bài tập điện tử 
245 0 |c Nguyễn Minh Quang, Đặng Đình Tòng 
260 |a Sài Gòn 
260 |b Đại học Khoa học 
260 |c 1969 
650 |a electronics - problems, exercises 
980 |a Trung tâm Học liệu Trường Đại học Cần Thơ